000 00404nam a2200145Ia 4500
008 220217s9999||||xx |||||||||||||| ||und||
020 _a978817409220X
082 _a629.14 KAD
100 _aKadiyali, L.R
245 0 _aTraffic engineering and transport planning
250 _a9
260 _aKhanna publishers
_bNew Delhi
_c2017
300 _aXXIV, 913p.
_b399
650 _aTRANSFORT ENGINEERING
999 _c187636
_d187636